[Event "Asia zt 3.2"]
[Site "Colombo"]
[Date "2025.03.15"]
[Round "6"]
[White "Thilakarathne, GM Harshana"]
[Black "Zia, Tahsin Tajwar"]
[Result "1/2-1/2"]
[WhiteElo "2351"]
[BlackElo "2327"]
[PlyCount "35"]
[EventDate "2025.03.11"]
[EventType "swiss"]
[EventRounds "9"]
[EventCountry "SRI"]
[SourceTitle "CB13_2025"]
[SourceDate "2025.03.26"]
[SourceVersion "1"]
[SourceVersionDate "2025.03.26"]
[SourceQuality "1"]

1. e4 c5 2. Nf3 g6 3. c3 d5 4. e5 Bg4 5. d4 cxd4 6. cxd4 Nc6 7. Bb5 Qb6 8. Nc3 e6 9. Be3 Nge7 10. h3 Bxf3 11. Qxf3 Bg7 12. 0-0 Nf5 13. Rad1 0-0 14. Bxc6 Qxc6 15. g4 Nxe3 16. Qxe3 f6 17. f4 Rae8 18. g5 1/2-1/2

[Event "Asia zt 3.2"]
[Site "Colombo"]
[Date "2025.03.12"]
[Round "3"]
[White "Wijerathna, Vinuka Dihain"]
[Black "Thilakarathne, GM Harshana"]
[Result "1/2-1/2"]
[WhiteElo "2117"]
[BlackElo "2351"]
[PlyCount "34"]
[EventDate "2025.03.11"]
[EventType "swiss"]
[EventRounds "9"]
[EventCountry "SRI"]
[SourceTitle "CB13_2025"]
[SourceDate "2025.03.26"]
[SourceVersion "1"]
[SourceVersionDate "2025.03.26"]
[SourceQuality "1"]

1. e4 e5 2. Nf3 Nc6 3. Bb5 a6 4. Ba4 Nf6 5. d3 b5 6. Bb3 Be7 7. 0-0 d6 8. a4 Bd7 9. Bd2 0-0 10. h3 b4 11. c3 Rb8 12. a5 Qc8 13. Be3 Be6 14. c4 Nd8 15. Nbd2 c5 16. Ng5 Nd7 17. Nxe6 Nxe6 1/2-1/2

[Event "Asia zt 3.2"]
[Site "Colombo"]
[Date "2025.03.11"]
[Round "1"]
[White "Weerathungalage, WD Malisha Sasvidu"]
[Black "Thilakarathne, GM Harshana"]
[Result "0-1"]
[WhiteElo "1916"]
[BlackElo "2351"]
[PlyCount "62"]
[EventDate "2025.03.11"]
[EventType "swiss"]
[EventRounds "9"]
[EventCountry "SRI"]
[SourceTitle "CB13_2025"]
[SourceDate "2025.03.26"]
[SourceVersion "1"]
[SourceVersionDate "2025.03.26"]
[SourceQuality "1"]

1. e4 d6 2. d4 g6 3. Nc3 Bg7 4. Nf3 a6 5. a4 b6 6. Bc4 e6 7. 0-0 Ne7 8. Re1 Bb7 9. Be3 Nd7 10. Qd2 h6 11. h3 g5 12. Rad1 Ng6 13. Bd3 0-0 14. Ne2 f5 15. d5 f4 16. Bd4 e5 17. Bc3 h5 18. Nh2 Nf6 19. g4 hxg4 20. hxg4 Kf7 21. Rf1 Rh8 22. Ng3 fxg3 23. fxg3 Bh6 24. Nf3 Kg8 25. Qc1 Nxg4 26. Bd2 Qe7 27. Be2 Bc8 28. Kg2 Bd7 29. Nxg5 Bxg5 30. Bxg5 Rh2+ 31. Kg1 Qh7 0-1

[Event "FISU World University"]
[Site "Entebbe"]
[Date "2024.06.30"]
[Round "9"]
[White "Turcan, Richard"]
[Black "Thilakarathne, GM Harshana"]
[Result "1-0"]
[WhiteElo "2374"]
[BlackElo "2356"]
[PlyCount "83"]
[EventDate "2024.06.25"]
[EventType "swiss"]
[EventRounds "9"]
[EventCountry "UGA"]
[SourceTitle "CBM 220 Extra"]
[Source "ChessBase"]
[SourceDate "2024.07.31"]
[SourceVersion "1"]
[SourceVersionDate "2024.07.31"]
[SourceQuality "1"]

1. e4 c5 2. Nf3 d6 3. d4 cxd4 4. Nxd4 Nf6 5. Nc3 a6 6. h3 e5 7. Nde2 h5 8. Bg5 Be6 9. Bxf6 Qxf6 10. Nd5 Qd8 11. Qd3 Nd7 12. 0-0-0 Nc5 13. Qf3 Rc8 14. Kb1 Be7 15. Nec3 Bg5 16. g3 b5 17. Qe2 h4 18. a3 Bh6 19. f4 hxg3 20. f5 Bxd5 21. Nxd5 Qh4 22. Bg2 Bg5 23. Bf3 Rb8 24. Bg4 0-0 25. Rhf1 Kh7 26. Rf3 a5 27. b3 b4 28. a4 Bf4 29. f6 g6 30. Nxf4 exf4 31. Rxf4 Rfe8 32. Qf3 Qg5 33. h4 Qe5 34. Bf5 Rh8 35. Rd5 g2 36. Rg4 Qc3 37. Bxg6+ Kg8 38. Qxg2 Kf8 39. Bxf7 Kxf7 40. Rg7+ Ke8 41. Qg6+ Kd8 42. Rxd6+ 1-0

[Event "FISU World University"]
[Site "Entebbe"]
[Date "2024.06.28"]
[Round "7"]
[White "Thilakarathne, GM Harshana"]
[Black "Mthembu, Lovers"]
[Result "1-0"]
[WhiteElo "2356"]
[BlackElo "1876"]
[PlyCount "79"]
[EventDate "2024.06.25"]
[EventType "swiss"]
[EventRounds "9"]
[EventCountry "UGA"]
[SourceTitle "CBM 220 Extra"]
[Source "ChessBase"]
[SourceDate "2024.07.31"]
[SourceVersion "1"]
[SourceVersionDate "2024.07.31"]
[SourceQuality "1"]

1. e4 e5 2. Nf3 Nc6 3. Bb5 a6 4. Ba4 d6 5. 0-0 Nf6 6. Re1 Be7 7. c3 0-0 8. h3 b5 9. Bb3 Bb7 10. d4 h6 11. Nbd2 Re8 12. Nf1 Bf8 13. Ng3 exd4 14. cxd4 d5 15. e5 Ne4 16. Bc2 Nxg3 17. fxg3 Qd7 18. a3 b4 19. Nh2 b3 20. Bxb3 a5 21. Ba4 Ba6 22. Ng4 Re6 23. Bd2 Rb8 24. Bc3 Qd8 25. Qd2 Bc4 26. Bxc6 Rxc6 27. Bxa5 Rb3 28. Re3 h5 29. Rc1 Rb5 30. Nf2 Ra6 31. Bc3 Rb3 32. Rce1 Qg5 33. h4 Qg6 34. Nh3 Be7 35. Qd1 Qf5 36. Nf4 Bxh4 37. Qxh5 Qxh5 38. Nxh5 Bg5 39. Nf4 Rbb6 40. Bb4 1-0

[Event "FISU World University"]
[Site "Entebbe"]
[Date "2024.06.27"]
[Round "4"]
[White "Thilakarathne, GM Harshana"]
[Black "Janik, Igor"]
[Result "1-0"]
[WhiteElo "2356"]
[BlackElo "2511"]
[PlyCount "101"]
[EventDate "2024.06.25"]
[EventType "swiss"]
[EventRounds "9"]
[EventCountry "UGA"]
[SourceTitle "CBM 220 Extra"]
[Source "ChessBase"]
[SourceDate "2024.07.31"]
[SourceVersion "1"]
[SourceVersionDate "2024.07.31"]
[SourceQuality "1"]

1. e4 c5 2. Nf3 g6 3. d4 cxd4 4. Nxd4 Bg7 5. Nc3 Nc6 6. Be3 Nf6 7. Bc4 0-0 8. Bb3 d6 9. f3 Qa5 10. Qd2 Nxd4 11. Bxd4 Be6 12. 0-0-0 b5 13. Kb1 b4 14. Ne2 Bxb3 15. cxb3 e5 16. Be3 d5 17. exd5 Rfd8 18. d6 Bf8 19. a4 Rxd6 20. Qc2 Nd5 21. Bc1 Qd8 22. Ng3 f5 23. Qe2 Bg7 24. Rhe1 Rc8 25. Nf1 h5 26. g3 f4 27. Rd2 Kh7 28. Rc2 Rxc2 29. Qxc2 Qd7 30. Re4 Qh3 31. Qf2 Rd7 32. Nd2 Qf5 33. Ka2 Nf6 34. Rxb4 Nd5 35. Rc4 a5 36. Ne4 Nb4+ 37. Kb1 g5 38. Bd2 Nd3 39. Qg2 g4 40. Ka2 Qg6 41. Bxa5 Rf7 42. Bd2 Bh6 43. Qe2 fxg3 44. hxg3 Rxf3 45. Bxh6 Qxh6 46. Nd2 Qe3 47. Qxe3 Rxe3 48. a5 Rf3 49. Nxf3 gxf3 50. a6 f2 51. a7 1-0

[Event "FISU World University-ch Blitz"]
[Site "Entebbe"]
[Date "2024.06.26"]
[Round "8"]
[White "Thilakarathne, GM Harshana"]
[Black "Horak, Martin"]
[Result "1-0"]
[WhiteElo "2256"]
[BlackElo "2091"]
[PlyCount "87"]
[EventDate "2024.06.26"]
[EventType "swiss (blitz)"]
[EventRounds "9"]
[EventCountry "UGA"]
[SourceTitle "CBM 221 Extra"]
[Source "ChessBase"]
[SourceDate "2024.09.30"]
[SourceVersion "1"]
[SourceVersionDate "2024.09.30"]
[SourceQuality "1"]

1. e4 c5 2. Nf3 Nc6 3. Bc4 d6 4. 0-0 Nf6 5. Re1 g6 6. h3 Bg7 7. c3 0-0 8. Bf1 e5 9. d4 exd4 10. cxd4 Re8 11. d5 Ne5 12. Nxe5 Rxe5 13. Nc3 Re8 14. Bf4 a6 15. a4 Qb6 16. Qd2 Nd7 17. a5 Qc7 18. Bh2 Rb8 19. f4 b5 20. e5 b4 21. exd6 Qd8 22. Ne4 Nf6 23. Nxf6+ Bxf6 24. Rxe8+ Qxe8 25. Re1 Qd8 26. f5 Bd7 27. fxg6 hxg6 28. Bxa6 Qxa5 29. Bc4 Kg7 30. Rf1 Re8 31. Qf4 Qd8 32. Kh1 Re5 33. Bg1 Rf5 34. Qc1 Rxf1 35. Qxf1 Be5 36. b3 Bxd6 37. Be3 Qf6 38. Qxf6+ Kxf6 39. Kg1 Ke5 40. Bc1 Kd4 41. Bb2+ Ke3 42. Kf1 f5 43. Ke1 Kf4 44. Kf2 1-0

[Event "FISU World University-ch Blitz"]
[Site "Entebbe"]
[Date "2024.06.26"]
[Round "5"]
[White "Walter, Szymon"]
[Black "Thilakarathne, GM Harshana"]
[Result "0-1"]
[WhiteElo "2240"]
[BlackElo "2256"]
[PlyCount "74"]
[EventDate "2024.06.26"]
[EventType "swiss (blitz)"]
[EventRounds "9"]
[EventCountry "UGA"]
[SourceTitle "CBM 221 Extra"]
[Source "ChessBase"]
[SourceDate "2024.09.30"]
[SourceVersion "1"]
[SourceVersionDate "2024.09.30"]
[SourceQuality "1"]

1. e4 c5 2. Nc3 a6 3. f4 b5 4. Nf3 Bb7 5. d3 e6 6. g3 d5 7. e5 h5 8. Bg2 Nh6 9. 0-0 Nf5 10. Ne2 Nc6 11. c3 d4 12. Ng5 Be7 13. Ne4 Qb6 14. Kh1 Rd8 15. cxd4 cxd4 16. a4 Nb4 17. axb5 axb5 18. Bd2 h4 19. g4 h3 20. Bf3 Nh4 21. Bxb4 Bxb4 22. N2g3 Bd5 23. Qe2 0-0 24. Qf2 Ra8 25. Nh5 Nxf3 26. Qxf3 Rxa1 27. Rxa1 Qc6 28. f5 exf5 29. gxf5 Qh6 30. Nf4 Bb7 31. Rg1 Bd2 32. Rg4 Bxf4 33. Rxf4 Rc8 34. Qf1 Bxe4+ 35. dxe4 d3 36. e6 d2 37. exf7+ Kf8 0-1

[Event "Ambalangoda Dhamso op 11th"]
[Site "Ambalangoda"]
[Date "2024.05.21"]
[Round "10"]
[White "Sivathanujan, S."]
[Black "Thilakarathne, GM Harshana"]
[Result "0-1"]
[WhiteElo "1881"]
[BlackElo "2361"]
[PlyCount "54"]
[EventDate "2024.05.17"]
[EventType "swiss"]
[EventRounds "10"]
[EventCountry "SRI"]
[SourceTitle "CBM 220 Extra"]
[Source "ChessBase"]
[SourceDate "2024.07.31"]
[SourceVersion "1"]
[SourceVersionDate "2024.07.31"]
[SourceQuality "1"]

1. e4 c5 2. Nf3 d6 3. c3 Nf6 4. Bd3 g6 5. 0-0 Bg7 6. Bc2 0-0 7. d4 cxd4 8. cxd4 Nc6 9. Nc3 Bg4 10. Be3 Nh5 11. Ne2 Qc8 12. Ng3 e5 13. d5 Nb4 14. Bb1 f5 15. h3 Bxf3 16. Qxf3 f4 17. Nf5 fxe3 18. Ne7+ Kh8 19. Nxc8 Rxf3 20. gxf3 e2 21. Re1 Rxc8 22. Rxe2 Rc1+ 23. Kh2 Bh6 24. a3 Bf4+ 25. Kg2 Nd3 26. Bxd3 Rxa1 27. Rc2 Rc1 0-1

[Event "Western Asia-ch U20"]
[Site "Colombo"]
[Date "2023.11.30"]
[Round "2"]
[White "Mujahid, Bin Yazeed"]
[Black "Thilakarathne, GM Harshana"]
[Result "0-1"]
[WhiteElo "1832"]
[BlackElo "2389"]
[PlyCount "56"]
[EventDate "2023.11.30"]
[EventType "swiss"]
[EventRounds "9"]
[EventCountry "SRI"]
[SourceTitle "CBM 217 Extra"]
[Source "ChessBase"]
[SourceDate "2024.01.31"]
[SourceVersion "1"]
[SourceVersionDate "2024.01.31"]
[SourceQuality "1"]

1. e4 g6 2. d4 Bg7 3. Nf3 d6 4. Nc3 a6 5. a4 Nd7 6. Bc4 e6 7. h4 h6 8. Ne2 Ne7 9. Bb3 d5 10. e5 c5 11. c3 b6 12. Bc2 a5 13. h5 g5 14. 0-0 Ba6 15. Ne1 Nc6 16. Nd3 Qe7 17. b3 f5 18. exf6 Bxf6 19. Re1 0-0-0 20. Ba3 e5 21. dxc5 bxc5 22. Nd4 Qd6 23. Nf5 Qf8 24. Qg4 Kc7 25. Nxc5 Nxc5 26. b4 e4 27. b5 Bc8 28. bxc6 Be5 0-1